000 01188nam a22003737i 4500
001 000580
003 DO-SdBNP
005 20180220111631.0
007 000580
008 891108s1988 sp spa
015 _a
016 7 _a
_z
_2BPMSU
017 _a
_b
020 _a8434586339
035 _a
040 _aBPMSU
_bspa
_cBPMSU
_e
080 0 _a
082 _2
_aI843.91
_bA516p
100 1 _a Goscinny, René,
_d1926-1977.
240 _a tLe petit Nicolas et les copains.
_lEspañol
245 1 4 _aLos amiguetes del pequeño Nicolás /
_h
_cRené Goscinny ; traducción de Esther Benítez ; ilustraciones de Sempé.
260 1 _aBarcelona :
_bSalvat,
_c1988
300 _a118 p.;
_c23 cm
490 1 _aBiblioteca juvenil
_v53
500 _aIncluye datos biográficos del autor en la contracubierta
600 _a
650 _aCUENTOS INFANTILES FRANCESES
_2
700 _aBenítez Eiroa, María Esther,
_d1937-2001
_etr.
700 _aSempé, Jean-Jacques,
_d1932-
_eil.
830 0 _aBiblioteca juvenil (Salvat Editores)
_v53
942 _2ddc
_cBK
945 _ainventariado extranjero / DG
956 _aVMATEO
_b10
_c20160712
_dBPMSU
_f0069
999 _c10843
_d10843